000 00586nam a2200229Ia 4500
003 OSt
005 20221005113643.0
006 a|||||r|||| 00| 0
007 ta
008 221004b |||||||| |||| 00| 0 tam d
024 _a51503
037 _cTextual
040 _aCRL
_cCRL
_btam
041 _2tam
_atam
082 _aQ22wx, 31L6
100 _aGopalakrishna Machariar Au.
_9624710
245 0 _aAazh vargal eharitham
260 _c1976
650 _aRELIGION
942 _hQ22wx, 31L6
_cTEXL
_2cc
999 _c1028858
_d1028858